| Tag |
First Indicator |
Second Indicator |
Subfields |
| LEADER |
00000cam a2200000 4500 |
| 001 |
in00003867913 |
| 005 |
20190415191450.0 |
| 006 |
m o d |
| 007 |
cr |n||||||||n |
| 008 |
780313s1746 enk|||| o 00||||eng c |
| 035 |
|
|
|a (CU-RivES)T3042
|
| 035 |
|
|
|a (Uk-ES)006229663
|
| 035 |
|
|
|a (OCoLC)508394608
|
| 040 |
|
|
|a Uk-ES
|c Uk-ES
|d CStRLIN
|d Cengage Gale
|d UtOrBLW
|
| 100 |
1 |
|
|a Delafaye, Theodore,
|d 1703 or 1704-1772.
|0 http://id.loc.gov/authorities/names/n85089961
|
| 245 |
1 |
4 |
|a The proper improvement of national judgments :
|b A third sermon preach'd at Queenborough in Kent, on the 18th of December, 1745. Being the day appointed by authority for a fast, on account as well of the war with France and Spain, as of the present unnatural rebellion. And published for the use of parishioners. By Theodore Delafaye, A.M. minister of Queenborough, and chaplain of His Majesty's ordinary at Sheerness.
|
| 264 |
|
1 |
|a London :
|b Printed for J. Roberts, in Warwick-lane,
|c M,DCC,XLVI. [1746]
|
| 300 |
|
|
|a 1 online resource (32 pages)
|
| 336 |
|
|
|a text
|b txt
|2 rdacontent
|
| 337 |
|
|
|a computer
|b c
|2 rdamedia
|
| 338 |
|
|
|a online resource
|b cr
|2 rdacarrier
|
| 510 |
4 |
|
|a English Short Title Catalog,
|c T3042.
|
| 500 |
|
|
|a Reproduction of original from British Library.
|
| 500 |
|
|
|a Electronic resource.
|
| 630 |
0 |
0 |
|a Bible.
|p Hosea, VI, 1
|v Sermons
|v Early works to 1800.
|
| 650 |
|
0 |
|a Judgments
|v Early works to 1800.
|
| 655 |
|
7 |
|a Electronic books.
|2 local
|
| 655 |
|
7 |
|a Sermons.
|2 rbgenr
|
| 710 |
2 |
|
|a Gale (Firm)
|0 http://id.loc.gov/authorities/names/no2008071348
|
| 752 |
|
|
|a Great Britain
|b England
|d London.
|
| 856 |
4 |
0 |
|u http://proxy.library.tamu.edu/login?url=http://find.galegroup.com/ecco/infomark.do?contentSet=ECCOArticles&docType=ECCOArticles&bookId=1477101400&type=getFullCitation&tabID=T001&prodId=ECCO&docLevel=TEXT_GRAPHICS&version=1.0&source=library&userGroupName=txshracd2898
|z Connect to the full text of this electronic book
|t 0
|
| 999 |
f |
f |
|s 837b02eb-e487-3339-8b40-19959d90127e
|i acce13cd-ef74-39ff-bcb4-8de1a13d9392
|t 0
|
| 952 |
f |
f |
|a Texas A&M University
|b College Station
|c Electronic Resources
|d Available Online
|t 0
|h No information provided
|
| 998 |
f |
f |
|t 0
|l Available Online
|